Sports Quiz

Random Sports or Celebrity Quiz

Non-cricket celebrities Quiz Stats

 Plays Quiz not verified by Sporcle

Score 0/35 Timer 07:00
0 Plays Today
% Correct
Richard Branson
97.1%
George W. Bush
88.6%
Kate Middleton
85.7%
Paul McCartney
82.9%
Serena Williams
82.9%
Roger Federer
82.9%
Hugh Jackman
80%
Venus Williams
80%
Prince Charles
80%
Prince William
80%
John Major
77.1%
Hugh Grant
77.1%
Stephen Fry
74.3%
Elton John
71.4%
Gordon Ramsay
71.4%
Novak Djokovic
68.6%
Russell Crowe
65.7%
Billy Connolly
60%
% Correct
Michael Caine
54.3%
Nicole Kidman
51.4%
Audrey Hepburn
51.4%
Stephen King
51.4%
Cary Grant
48.6%
Grover
48.6%
The Rolling Stones
45.7%
Roger Daltrey
45.7%
Emma Thompson
45.7%
Katharine Hepburn
42.9%
Joanna Lumley
40%
David Niven
37.1%
Peter O'Toole
37.1%
Oliver Reed
37.1%
Caroline Wozniacki
31.4%
Kylie Minogue
25.7%
Donnie Osmond
20%

You're not logged in!

Compare scores with friends on all Sporcle quizzes.
OR
Log In

You Might Also Like...

Show Comments

Extras

Created Feb 24, 2019ReportNominate
Tags:Celebrity Quiz, pose

Top Quizzes Today


Score Distribution

Your Account Isn't Verified!

In order to create a playlist on Sporcle, you need to verify the email address you used during registration. Go to your Sporcle Settings to finish the process.

Report this User

Report this user for behavior that violates our Community Guidelines.

Details: